000 00949nam2a22002411 4500
001 rc\15548
005 20250620114846.0
010 _a5-87170-001-2
_9100000
035 _a(NLR Aleph) 005303767
090 _a6315752
_c6315752
100 _a20021204d1992 |||y0rusy50 ca
101 0 _arus
102 _aRU
105 _ay |||||||||
200 0 _aКн. 1
210 _d1992
_aБ. м.
215 _a156, [2] с.
461 0 _1001rc\15547
_12001#$aЭммануэль$eУроки мужчины$fЭммануэль Арсан$g[Перевод с фр. Б. Алексеева]$vКн. 1
_1700#1$aАрсан$bЭ.$gЭммануэль
_96315747
_aАрсан, Э. (коллективный псевдоним ; 1932-2005)
_cСПб.
_d1992-
_fЭммануэль Арсан
_nНотабене
_oУроки мужчины
_tЭммануэль
_vКн. 1
801 0 _aRU
_bNLR
_gpsbo
801 1 _aRU
_bELAR
_2rusmarc
852 _aNLR
_j92-3/2820
942 _cBOOK
980 _aNB